تخطي إلى المحتوى

Управление инфраструктурными проектами развития городских агломераций на основе механизма государственно-частного партнерства в городе Санкт-Петербург Статья

محفوظ في:
التفاصيل البيبلوغرافية
المؤلف الرئيسي: Бутова Т.В
التنسيق: Статья
الوصول للمادة أونلاين:https://znanium.com/catalog/document?id=42178
https://znanium.com/cover/0485/485538.jpg
الوسوم: إضافة وسم
لا توجد وسوم, كن أول من يضع وسما على هذه التسجيلة!
LEADER 01645nam0a2200241 i 4500
001 RU\infra-m\znanium\bibl\485538
003 https://znanium.com/catalog/document?id=42178
005 20211203000000.0
100 |a 20211203d2014 m y0rusy0150 ca 
101 0 |a rus 
102 |a RU 
200 1 |a Управление инфраструктурными проектами развития городских агломераций на основе механизма государственно-частного партнерства в городе Санкт-Петербург  |e Статья  |f Финансовый университет при Правительстве Российской Федерации 
210 1 |a Москва  |c Издательский центр "Науковедение"  |d 2014 
215 |a 9 с. 
333 |a Аспирантура 
606 |a Экономика. Бухгалтерский учет. Финансы  |x Экономика России  |2 local 
608 |a Статья  |2 local 
700 1 |a Бутова  |b Т.В.  |g Татьяна Витальевна  |p Финансовый университет при Правительстве Российской Федерации 
701 1 |a Добрина  |b Л.Р. 
701 1 |a Широкова  |b А.И. 
801 0 |a RU  |b Общество с ограниченной ответственностью «ЗНАНИУМ»  |c 20140829  |2 rusmarc 
856 4 |a znanium.com  |m ebs_support@infra-m.ru  |n НИЦ ИНФРА-М  |u https://znanium.com/catalog/document?id=42178 
856 4 1 |a znanium.com  |d /cover/0485  |f 485538.jpg  |q image/jpeg  |u https://znanium.com/cover/0485/485538.jpg